[Event "Berlin Lichtenberger op 17th"]
[Site "Berlin"]
[Date "2018.08.19"]
[Round "2"]
[White "Kapp, Frank"]
[Black "Koerber, Bernhard"]
[Result "1-0"]
[WhiteElo "1874"]
[BlackElo "1552"]
[PlyCount "37"]
[EventDate "2018.08.18"]
[EventType "swiss"]
[EventRounds "9"]
[EventCountry "GER"]
[SourceTitle "CBM 186 Extra"]
[Source "ChessBase"]
[SourceDate "2018.08.24"]
[SourceVersion "1"]
[SourceVersionDate "2018.08.24"]
[SourceQuality "1"]

1. d4 Nf6 2. Bf4 g6 3. Nf3 Bg7 4. e3 d5 5. Bd3 c5 6. c3 0-0 7. dxc5 Bg4 8. Qc2 Nc6 9. Ne5 Nxe5 10. Bxe5 Rc8 11. h3 Bd7 12. b4 a6 13. 0-0 Qe8 14. Nd2 Bb5 15. Bxb5 Qxb5 16. a4 Qc6 17. a5 Rfd8 18. Nf3 Nd7 19. Nd4 1-0

[Event "Berlin Lichtenberger op 15th"]
[Site "Berlin"]
[Date "2016.08.20"]
[Round "8"]
[White "Schilly, Hans Joachim"]
[Black "Kapp, Frank"]
[Result "1/2-1/2"]
[WhiteElo "1804"]
[BlackElo "1913"]
[PlyCount "153"]
[EventDate "2016.08.13"]
[EventType "swiss"]
[EventRounds "9"]
[EventCountry "GER"]
[SourceTitle "CBM 173 Extra"]
[Source "ChessBase"]
[SourceDate "2016.08.29"]
[SourceVersion "1"]
[SourceVersionDate "2016.08.29"]
[SourceQuality "1"]

1. c4 e6 2. e4 d5 3. exd5 exd5 4. d4 Nf6 5. Nf3 c6 6. Nc3 h6 7. Be3 Be6 8. c5 Nbd7 9. Bd3 Be7 10. 0-0 0-0 11. b4 b5 12. a4 a6 13. Bc2 Bg4 14. Bf4 Re8 15. Qd3 Bxf3 16. Qxf3 Nf8 17. Rae1 N6h7 18. Qg3 Bg5 19. Be5 Bf6 20. f4 Ne6 21. Qd3 Nhf8 22. Ne2 Bxe5 23. fxe5 Qh4 24. g3 Qg4 25. Nf4 Ra7 26. Bd1 Nxf4 27. Rxf4 Qg6 28. Qxg6 Nxg6 29. Rff1 Nf8 30. Rf2 Ne6 31. Rd2 Ng5 32. Ra2 Rb8 33. a5 Re8 34. Kg2 g6 35. h4 Ne6 36. Rd2 Rae7 37. Rf1 h5 38. Rf6 Nd8 39. g4 hxg4 40. Bxg4 Ne6 41. Bxe6 Rxe6 42. Rdf2 R8e7 43. Kg3 Kg7 44. Kg4 Rc7 45. Kg5 Re8 46. Rh2 Rh8 47. h5 Rxh5+ 48. Rxh5 gxh5 49. Kxh5 Rc8 50. Kg5 Rc7 51. Rd6 Rc8 52. Kf4 Rh8 53. Kg4 Rc8 54. Rd7 Kg6 55. Ra7 f6 56. exf6 Kxf6 57. Rxa6 Ke6 58. Rb6 Rg8+ 59. Kf4 Rf8+ 60. Ke3 Re8 61. Kd3 Kd7 62. Rb7+ Kc8 63. Rf7 Re6 64. a6 Kb8 65. Rd7 Rh6 66. Rd6 Rh3+ 67. Ke2 Kc7 68. Rf6 Rb3 69. Rf7+ Kb8 70. Rb7+ Ka8 71. Rb6 Rxb4 72. Rxc6 Rxd4 73. Rb6 b4 74. Rb7 Rc4 75. Kd3 b3 76. Rxb3 Rxc5 77. Ra3 1/2-1/2

[Event "Berlin Lichtenberger op 15th"]
[Site "Berlin"]
[Date "2016.08.18"]
[Round "6"]
[White "Andresen, Klaus"]
[Black "Kapp, Frank"]
[Result "1-0"]
[WhiteElo "1958"]
[BlackElo "1913"]
[PlyCount "81"]
[EventDate "2016.08.13"]
[EventType "swiss"]
[EventRounds "9"]
[EventCountry "GER"]
[SourceTitle "CBM 173 Extra"]
[Source "ChessBase"]
[SourceDate "2016.08.29"]
[SourceVersion "1"]
[SourceVersionDate "2016.08.29"]
[SourceQuality "1"]

1. c4 e6 2. g3 b6 3. Bg2 Nc6 4. Nf3 Bb7 5. 0-0 Nf6 6. Nc3 Be7 7. b3 0-0 8. Bb2 a5 9. d4 d5 10. Rc1 Nb4 11. a3 Na6 12. Nd2 c6 13. e4 dxe4 14. Ncxe4 Rb8 15. Nxf6+ Bxf6 16. Ne4 c5 17. Nxf6+ Qxf6 18. Rc2 Bxg2 19. Kxg2 cxd4 20. Bxd4 e5 21. Ba1 Qc6+ 22. Kg1 f6 23. Rd2 Qc7 24. Rd7 Qc6 25. Qg4 Rf7 26. Rfd1 Nc5 27. Rxf7 Kxf7 28. f4 e4 29. Rd5 Qe6 30. Qh5+ Kg8 31. f5 Qf7 32. Qd1 Nd3 33. Bd4 Qe7 34. Rb5 Qxa3 35. c5 Rc8 36. Rxb6 Rxc5 37. Rb8+ Kf7 38. Qh5+ Ke7 39. Qe8+ Kd6 40. Qd8+ Kc6 41. Rb6# 1-0

[Event "Berlin Lichtenberger op 15th"]
[Site "Berlin"]
[Date "2016.08.16"]
[Round "4"]
[White "Udet, Fabian"]
[Black "Kapp, Frank"]
[Result "0-1"]
[WhiteElo "1663"]
[BlackElo "1913"]
[PlyCount "60"]
[EventDate "2016.08.13"]
[EventType "swiss"]
[EventRounds "9"]
[EventCountry "GER"]
[SourceTitle "CBM 173 Extra"]
[Source "ChessBase"]
[SourceDate "2016.08.29"]
[SourceVersion "1"]
[SourceVersionDate "2016.08.29"]
[SourceQuality "1"]

1. e4 e6 2. d4 d5 3. Nc3 Nf6 4. Bg5 Bb4 5. e5 h6 6. exf6 hxg5 7. fxg7 Rg8 8. Nge2 Qf6 9. a3 Be7 10. Qd2 Nc6 11. Nb5 Bd8 12. f4 a6 13. Nbc3 Qxg7 14. 0-0-0 Bf6 15. Kb1 Bd7 16. g3 0-0-0 17. Bg2 gxf4 18. Qxf4 Bg5 19. Qf2 Rdf8 20. Nf4 Ne7 21. Rhf1 Nf5 22. Bh3 Nd6 23. Bg2 Qh6 24. Nh3 Be3 25. Qf3 Nc4 26. Nxd5 exd5 27. Qxd5 Bc6 28. Qf5+ Kb8 29. Bxc6 Qxc6 30. Ka2 Bh6 0-1

[Event "Berlin Lichtenberger op 14th"]
[Site "Berlin"]
[Date "2015.08.22"]
[Round "8"]
[White "Kapp, Frank"]
[Black "Huels, Maximilian"]
[Result "1-0"]
[WhiteElo "1908"]
[BlackElo "1552"]
[PlyCount "63"]
[EventDate "2015.08.15"]
[EventType "swiss"]
[EventRounds "9"]
[EventCountry "GER"]
[SourceTitle "EXT 2016"]
[Source "ChessBase"]
[SourceDate "2015.10.08"]
[SourceVersion "1"]
[SourceVersionDate "2015.10.08"]
[SourceQuality "1"]

1. d4 d5 2. Bf4 f5 3. Nf3 e6 4. e3 Nf6 5. Nbd2 Bd6 6. Ne5 Nbd7 7. Ndf3 Bxe5 8. Nxe5 Nxe5 9. Bxe5 0-0 10. Bd3 Ne4 11. f3 Ng5 12. Qe2 Nf7 13. Bg3 Nd6 14. h4 b6 15. h5 c5 16. c3 c4 17. Bc2 b5 18. a3 Nf7 19. Bh4 Qc7 20. Kd2 Re8 21. f4 Nd6 22. g4 Ne4+ 23. Bxe4 dxe4 24. gxf5 exf5 25. Rag1 Kf8 26. Rg2 a6 27. Rhg1 Qf7 28. Rxg7 Qxg7 29. Rxg7 Kxg7 30. Qg2+ Kf7 31. Qg5 Be6 32. h6 1-0

[Event "Berlin Lichtenberger op 14th"]
[Site "Berlin"]
[Date "2015.08.21"]
[Round "7"]
[White "Pueschel, Werner"]
[Black "Kapp, Frank"]
[Result "1-0"]
[WhiteElo "2049"]
[BlackElo "1908"]
[PlyCount "45"]
[EventDate "2015.08.15"]
[EventType "swiss"]
[EventRounds "9"]
[EventCountry "GER"]
[SourceTitle "EXT 2016"]
[Source "ChessBase"]
[SourceDate "2015.10.08"]
[SourceVersion "1"]
[SourceVersionDate "2015.10.08"]
[SourceQuality "1"]

1. e4 e6 2. d3 c5 3. Nf3 Nc6 4. c3 Nge7 5. Bf4 d6 6. Nbd2 g6 7. h4 h6 8. Nc4 e5 9. Bd2 Bg4 10. Be2 Bg7 11. Nfxe5 Nxe5 12. Bxg4 Nxd3+ 13. Ke2 Ne5 14. Nxe5 dxe5 15. Qa4+ Nc6 16. Rad1 Qb6 17. Bc1 0-0 18. h5 f5 19. Qc4+ Kh7 20. hxg6+ Kxg6 21. Bxf5+ Rxf5 22. exf5+ Kxf5 23. Qf7+ 1-0

[Event "Berlin Lichtenberger op 14th"]
[Site "Berlin"]
[Date "2015.08.20"]
[Round "6"]
[White "Kapp, Frank"]
[Black "Fischer, Maxi"]
[Result "1-0"]
[WhiteElo "1908"]
[BlackElo "1665"]
[PlyCount "37"]
[EventDate "2015.08.15"]
[EventType "swiss"]
[EventRounds "9"]
[EventCountry "GER"]
[SourceTitle "EXT 2016"]
[Source "ChessBase"]
[SourceDate "2015.10.08"]
[SourceVersion "1"]
[SourceVersionDate "2015.10.08"]
[SourceQuality "1"]

1. d4 d5 2. c4 e6 3. Nc3 c6 4. cxd5 cxd5 5. Bf4 Nf6 6. e3 Nbd7 7. h3 Bb4 8. Bd3 0-0 9. Qc2 a6 10. Nf3 b5 11. 0-0 Bb7 12. Rfc1 Rc8 13. Qb3 Bxc3 14. Rxc3 Nb6 15. a4 bxa4 16. Rxc8 Bxc8 17. Qb4 Nfd7 18. Rc1 Qf6 19. Bg5 1-0

[Event "Berlin Lichtenberger op 13th"]
[Site "Berlin"]
[Date "2014.08.22"]
[Round "7"]
[White "Kapp, Frank"]
[Black "Mai, Andreas"]
[Result "0-1"]
[WhiteElo "1910"]
[BlackElo "1998"]
[PlyCount "106"]
[EventDate "2014.08.16"]
[EventType "swiss"]
[EventRounds "9"]
[EventCountry "GER"]
[SourceTitle "CBM 161 Extra"]
[Source "ChessBase"]
[SourceDate "2014.08.29"]
[SourceVersion "1"]
[SourceVersionDate "2014.08.29"]
[SourceQuality "1"]

1. d4 Nf6 2. c4 g6 3. Nc3 Bg7 4. e4 d6 5. f3 0-0 6. Be3 e5 7. Bd3 exd4 8. Bxd4 Nc6 9. Be3 Ne5 10. Nge2 Be6 11. b3 Nfd7 12. Rc1 Nxd3+ 13. Qxd3 f5 14. 0-0 Nc5 15. Qd2 fxe4 16. Nxe4 Nxe4 17. fxe4 Qd7 18. Bd4 a6 19. Ng3 Rae8 20. Rxf8+ Rxf8 21. Bxg7 Qxg7 22. Re1 Qe5 23. Rf1 Rxf1+ 24. Kxf1 Kg7 25. Kg1 b6 26. Kf2 h5 27. h3 h4 28. Ne2 Qxe4 29. Qd4+ Qxd4+ 30. Nxd4 Bd7 31. Ke3 Kf6 32. Nf3 g5 33. Nd4 c5 34. Ne2 Bc6 35. g4 Ke5 36. Nc1 Be4 37. Ne2 Bg2 38. Ng1 d5 39. cxd5 Bxd5 40. Ne2 b5 41. Nc1 c4 42. a3 cxb3 43. Nd3+ Kd6 44. Kd4 a5 45. Kc3 Bc4 46. Ne1 Ke5 47. Nf3+ Kf4 48. Nd4 Kg3 49. a4 b2 50. Kxb2 b4 51. Nc6 Kxh3 52. Nxa5 Bd5 53. Nb3 Kxg4 0-1

[Event "Berlin Lichtenberger op 12th"]
[Site "Berlin"]
[Date "2013.08.25"]
[Round "9"]
[White "Kapp, Frank"]
[Black "Becker, Jared"]
[Result "1-0"]
[WhiteElo "1908"]
[BlackElo "2038"]
[PlyCount "85"]
[EventDate "2013.08.17"]
[EventType "swiss"]
[EventRounds "9"]
[EventCountry "GER"]
[SourceTitle "CBM 156 Extra"]
[Source "ChessBase"]
[SourceDate "2013.10.22"]
[SourceVersion "1"]
[SourceVersionDate "2013.10.22"]
[SourceQuality "1"]

1. d4 Nf6 2. c4 c5 3. d5 b5 4. e3 e6 5. dxe6 fxe6 6. cxb5 d5 7. Nf3 Bd6 8. Be2 Bb7 9. Nbd2 0-0 10. Ng5 Qe7 11. Qc2 h6 12. Ngf3 Nbd7 13. Nh4 Qf7 14. Ng6 Rfe8 15. 0-0 e5 16. Nh4 e4 17. Nf5 Bf8 18. Nb3 Rac8 19. Na5 Ba8 20. Bd2 Ne5 21. b3 Qe6 22. Ng3 Bd6 23. Qd1 Rf8 24. Nh5 Nf3+ 25. gxf3 exf3 26. Bxf3 Nxh5 27. Bxh5 Qh3 28. f4 d4 29. Qg4 Qxg4+ 30. Bxg4 Rce8 31. exd4 Re4 32. Nc6 cxd4 33. Rae1 Rxe1 34. Rxe1 Bc5 35. Be6+ Kh8 36. f5 g6 37. Bxh6 Rf6 38. Bg5 Rf8 39. Re4 d3+ 40. Kf1 gxf5 41. Rh4+ Kg7 42. Bh6+ Kf6 43. Bxf8 1-0

[Event "Berlin Lichtenberger op 12th"]
[Site "Berlin"]
[Date "2013.08.17"]
[Round "1"]
[White "Kapp, Frank"]
[Black "Pilgrim, Wilfried"]
[Result "1-0"]
[WhiteElo "1908"]
[BlackElo "1508"]
[PlyCount "77"]
[EventDate "2013.08.17"]
[EventType "swiss"]
[EventRounds "9"]
[EventCountry "GER"]
[SourceTitle "CBM 156 Extra"]
[Source "ChessBase"]
[SourceDate "2013.10.22"]
[SourceVersion "1"]
[SourceVersionDate "2013.10.22"]
[SourceQuality "1"]

1. d4 e6 2. c4 d5 3. Nc3 Nf6 4. Bg5 Be7 5. e3 b6 6. Nf3 Bb7 7. Rc1 c5 8. dxc5 bxc5 9. Qb3 Bc6 10. Ne5 dxc4 11. Qxc4 Bd5 12. Qa4+ Nfd7 13. Bxe7 Qxe7 14. Bb5 0-0 15. Nxd5 exd5 16. Nxd7 Nxd7 17. Bxd7 Rad8 18. Bb5 d4 19. 0-0 dxe3 20. fxe3 Qxe3+ 21. Kh1 Rd4 22. Qb3 Qg5 23. Bc4 Rd2 24. Qg3 Qh6 25. Bxf7+ Kh8 26. Bc4 Rfd8 27. Qf4 Qxf4 28. Rxf4 Rd1+ 29. Rxd1 Rxd1+ 30. Rf1 Rxf1+ 31. Bxf1 a5 32. h4 g6 33. g4 Kg7 34. g5 h6 35. Bc4 hxg5 36. hxg5 Kf8 37. Kg2 Ke7 38. Kf3 Kd6 39. Kf4 1-0

[Event "Berlin Lichtenberger op 11th"]
[Site "Berlin"]
[Date "2012.08.23"]
[Round "6"]
[White "Kapp, Frank"]
[Black "Reichert, Lutz"]
[Result "1-0"]
[WhiteElo "1887"]
[BlackElo "1733"]
[PlyCount "61"]
[EventDate "2012.08.18"]
[EventType "swiss"]
[EventRounds "9"]
[EventCountry "GER"]
[SourceTitle "CBM 150 Extra"]
[Source "ChessBase"]
[SourceDate "2012.10.19"]
[SourceVersion "1"]
[SourceVersionDate "2012.10.19"]
[SourceQuality "1"]

1. d4 d6 2. g3 e5 3. Bg2 exd4 4. Qxd4 Nc6 5. Qa4 Bd7 6. c3 Nf6 7. Bg5 Be7 8. Nf3 0-0 9. 0-0 Re8 10. Re1 Qc8 11. Nbd2 Rb8 12. e4 a5 13. Qc2 b5 14. Nd4 Ne5 15. Re2 Nd5 16. exd5 Bxg5 17. f4 c5 18. dxc6 Bg4 19. Ree1 Bxf4 20. gxf4 Bh3 21. fxe5 Bxg2 22. Kxg2 dxe5 23. Ne2 Qxc6+ 24. Qe4 Qh6 25. Nf3 Re6 26. Ng3 f5 27. Qd5 f4 28. Rxe5 Rbe8 29. Rxe6 Rxe6 30. Re1 fxg3 31. Qxe6+ 1-0

[Event "Berlin Lichtenberger op 11th"]
[Site "Berlin"]
[Date "2012.08.21"]
[Round "4"]
[White "Kapp, Frank"]
[Black "Guenther, Thomas"]
[Result "0-1"]
[WhiteElo "1887"]
[BlackElo "2085"]
[PlyCount "84"]
[EventDate "2012.08.18"]
[EventType "swiss"]
[EventRounds "9"]
[EventCountry "GER"]
[SourceTitle "CBM 150 Extra"]
[Source "ChessBase"]
[SourceDate "2012.10.19"]
[SourceVersion "1"]
[SourceVersionDate "2012.10.19"]
[SourceQuality "1"]

1. d4 Nf6 2. c4 e6 3. Nc3 d5 4. Bg5 Nbd7 5. e3 c6 6. Nf3 Be7 7. Rc1 b6 8. cxd5 exd5 9. Bd3 Bb7 10. 0-0 0-0 11. Bb1 Ne4 12. Bf4 f5 13. Ne5 Nxe5 14. Bxe5 Qd7 15. f3 Nd6 16. f4 Nc4 17. Qe2 Rac8 18. Bd3 Nxe5 19. fxe5 c5 20. Rf3 c4 21. Bb1 b5 22. Rcf1 g6 23. a3 a5 24. Rg3 Kh8 25. Bc2 Bc6 26. Nb1 b4 27. Rgf3 Bb5 28. Rc1 b3 29. Bxf5 Rxf5 30. Nc3 Bc6 31. Rcf1 Rcf8 32. Qe1 Bd8 33. Qg3 a4 34. Qe1 Ba5 35. Qc1 Bxc3 36. Qxc3 Rxf3 37. gxf3 Qf5 38. e4 dxe4 39. Qxc4 exf3 40. Qxc6 Qg4+ 41. Kf2 Qg2+ 42. Ke1 Qe2# 0-1

[Event "Berlin Lichtenberger op 11th"]
[Site "Berlin"]
[Date "2012.08.19"]
[Round "2"]
[White "Kapp, Frank"]
[Black "Dittrich, Tom"]
[Result "1-0"]
[WhiteElo "1887"]
[BlackElo "1627"]
[PlyCount "113"]
[EventDate "2012.08.18"]
[EventType "swiss"]
[EventRounds "9"]
[EventCountry "GER"]
[SourceTitle "CBM 150 Extra"]
[Source "ChessBase"]
[SourceDate "2012.10.19"]
[SourceVersion "1"]
[SourceVersionDate "2012.10.19"]
[SourceQuality "1"]

1. d4 Nf6 2. c4 e5 3. dxe5 Ng4 4. Nf3 Nc6 5. e3 Ngxe5 6. Be2 Bb4+ 7. Nbd2 0-0 8. a3 Bxd2+ 9. Bxd2 d6 10. h3 Be6 11. Qc2 Qd7 12. Nd4 Nxd4 13. exd4 Bf5 14. Qc3 Ng6 15. 0-0-0 Rfe8 16. Bd3 Bxd3 17. Qxd3 Rab8 18. Be3 b5 19. c5 a5 20. Qc2 b4 21. c6 Qe7 22. axb4 Rxb4 23. Bd2 Rxd4 24. Rhe1 Ne5 25. Bc3 Qg5+ 26. Kb1 Rxd1+ 27. Qxd1 Qxg2 28. f4 Qxc6 29. fxe5 dxe5 30. Bxe5 h6 31. Bc3 Qg6+ 32. Ka1 Rxe1 33. Qxe1 a4 34. Qe8+ Kh7 35. Qxa4 Qg1+ 36. Ka2 Qf1 37. h4 f5 38. Qc6 f4 39. h5 Qg1 40. Qe4+ Kh8 41. Qxf4 Qa7+ 42. Kb1 Qg1+ 43. Qc1 Qxc1+ 44. Kxc1 Kg8 45. Kd2 Kf7 46. Ke3 g5 47. hxg6+ Kxg6 48. Be5 c6 49. Kd4 Kf5 50. Bd6 Ke6 51. Kc5 Kd7 52. Bf4 h5 53. Bg3 h4 54. Bxh4 Kc7 55. Bg3+ Kb7 56. Bh2 Ka6 57. Kxc6 1-0

[Event "Berlin Lichtenberger op 10th"]
[Site "Berlin"]
[Date "2011.08.14"]
[Round "2"]
[White "Kapp, Frank"]
[Black "Reichert, Lutz"]
[Result "1-0"]
[WhiteElo "1894"]
[BlackElo "1757"]
[PlyCount "77"]
[EventDate "2011.08.13"]
[EventType "swiss"]
[EventRounds "9"]
[EventCountry "GER"]
[SourceTitle "CBM 143 Extra"]
[Source "ChessBase"]
[SourceDate "2011.08.29"]
[SourceVersion "1"]
[SourceVersionDate "2011.08.29"]
[SourceQuality "1"]

1. d4 d6 2. Nf3 Nf6 3. g3 g6 4. Bg2 Bg7 5. 0-0 0-0 6. Nbd2 Nc6 7. c3 e5 8. e4 exd4 9. cxd4 Bg4 10. Qc2 Bxf3 11. Nxf3 Qd7 12. Bd2 Rfe8 13. Rfe1 a5 14. a3 b6 15. Rac1 Nb8 16. Qxc7 Ra7 17. Qc2 Qb5 18. d5 Rae7 19. Nh4 Ng4 20. h3 Ne5 21. Bf1 Qd7 22. f4 Ng4 23. hxg4 Qxg4 24. Kh2 Bd4 25. Bh3 Qh5 26. Bc3 Bxc3 27. bxc3 f5 28. e5 dxe5 29. Qd1 Qh6 30. d6 Re6 31. fxe5 Rxe5 32. Rxe5 Rxe5 33. Nf3 Re3 34. Qd5+ Kf8 35. Rc2 Nd7 36. Nd4 Ke8 37. Nxf5 gxf5 38. Qxf5 Re6 39. Qxe6+ 1-0

[Event "Berlin Lichtenberger op 9th"]
[Site "Berlin"]
[Date "2010.08.11"]
[Round "6"]
[White "Kapp, Frank"]
[Black "Poseck, Steffen"]
[Result "0-1"]
[WhiteElo "1881"]
[BlackElo "2064"]
[PlyCount "100"]
[EventDate "2010.08.07"]
[EventType "swiss"]
[EventRounds "9"]
[EventCountry "GER"]
[SourceTitle "CBM 137 Extra"]
[Source "ChessBase"]
[SourceDate "2010.09.01"]
[SourceVersion "1"]
[SourceVersionDate "2010.09.01"]
[SourceQuality "1"]

1. d4 d5 2. c4 e6 3. Nc3 Nf6 4. Bg5 Nbd7 5. Nf3 c6 6. e3 Qa5 7. Bxf6 Nxf6 8. Rc1 Bb4 9. Qb3 0-0 10. a3 Be7 11. Bd3 dxc4 12. Bxc4 Nd5 13. 0-0 Nxc3 14. Rxc3 Rd8 15. Rfc1 Bf6 16. Bd3 g6 17. Qc2 Bd7 18. b4 Qb6 19. Rc5 Be8 20. Ne5 Rd5 21. Nc4 Qc7 22. Nd2 a5 23. Rxd5 exd5 24. b5 Qd6 25. a4 Rc8 26. Nf3 Bd7 27. Qd1 cxb5 28. Rxc8+ Bxc8 29. Bxb5 Qc7 30. Ne1 Qc3 31. Kf1 Bf5 32. Bd3 Bd7 33. Bc2 b5 34. axb5 Bxb5+ 35. Bd3 Bc4 36. Ke2 Bb3 37. Bc2 a4 38. Qb1 Bc4+ 39. Bd3 a3 40. Bxc4 dxc4 41. Nc2 Be7 42. Qb8+ Kg7 43. Nxa3 Qxa3 44. Qe5+ Bf6 45. Qc5 Qd3+ 46. Kf3 c3 47. g4 c2 48. g5 Qf5+ 49. Qxf5 gxf5 50. gxf6+ Kxf6 0-1

[Event "Berlin Lichtenberger op 9th"]
[Site "Berlin"]
[Date "2010.08.10"]
[Round "4"]
[White "Kapp, Frank"]
[Black "Kammler, Hans Joachim"]
[Result "1-0"]
[WhiteElo "1881"]
[BlackElo "1292"]
[PlyCount "135"]
[EventDate "2010.08.07"]
[EventType "swiss"]
[EventRounds "9"]
[EventCountry "GER"]
[SourceTitle "CBM 137 Extra"]
[Source "ChessBase"]
[SourceDate "2010.09.01"]
[SourceVersion "1"]
[SourceVersionDate "2010.09.01"]
[SourceQuality "1"]

1. d4 f5 2. g3 Nf6 3. Bg2 e6 4. Nf3 Be7 5. 0-0 Nc6 6. c4 d5 7. b3 Rb8 8. Ba3 b5 9. Bxe7 Nxe7 10. c5 0-0 11. b4 c6 12. Ne5 Nd7 13. f4 Bb7 14. Nd2 Nxe5 15. dxe5 Qe8 16. Nb3 Rd8 17. Na5 Ba8 18. Qb3 Rd7 19. Rad1 Kh8 20. Rd4 Qg6 21. Ra1 Rb8 22. a4 a6 23. axb5 axb5 24. Qc3 Qf7 25. Rd2 Rbd8 26. Nb3 Bb7 27. Nd4 Nc8 28. Bf1 Rc7 29. Ra5 Qd7 30. e3 Ne7 31. Qa1 Qc8 32. Rda2 g6 33. Be2 Ng8 34. g4 Rg7 35. g5 h6 36. Nf3 h5 37. Qd1 Ne7 38. Ra7 Kh7 39. Nd4 Ng8 40. Qe1 Re7 41. Qh4 Qd7 42. Bxh5 gxh5 43. g6+ Kg7 44. Rxb7 Qxb7 45. Nxe6+ Rxe6 46. Qxd8 Rxg6+ 47. Rg2 Rxg2+ 48. Kxg2 Kh8 49. h3 Qe7 50. Qd6 Qg7+ 51. Kf2 h4 52. Qxc6 Qg3+ 53. Ke2 Qxh3 54. Qxd5 Qg4+ 55. Kf1 h3 56. c6 h2 57. Qh1 Qh3+ 58. Kf2 Ne7 59. c7 Kg8 60. Qg2+ Qxg2+ 61. Kxg2 Kf7 62. Kxh2 Ke6 63. Kg3 Kd5 64. Kf3 Kc4 65. e4 fxe4+ 66. Kxe4 Kxb4 67. f5 Kc4 68. f6 1-0

[Event "Berlin Lichtenberger op 9th"]
[Site "Berlin"]
[Date "2010.08.09"]
[Round "3"]
[White "Krajewski, Wolfgang"]
[Black "Kapp, Frank"]
[Result "1-0"]
[WhiteElo "2098"]
[BlackElo "1881"]
[PlyCount "89"]
[EventDate "2010.08.07"]
[EventType "swiss"]
[EventRounds "9"]
[EventCountry "GER"]
[SourceTitle "CBM 137 Extra"]
[Source "ChessBase"]
[SourceDate "2010.09.01"]
[SourceVersion "1"]
[SourceVersionDate "2010.09.01"]
[SourceQuality "1"]

1. d4 e6 2. c4 f5 3. g3 Nf6 4. Bg2 Be7 5. Qc2 0-0 6. b3 d5 7. Nf3 Ne4 8. 0-0 Nd7 9. Ne5 c6 10. f3 Nd6 11. Ba3 Nf6 12. Nd2 Bd7 13. e4 dxe4 14. fxe4 Ndxe4 15. Bxe7 Qxe7 16. Nxe4 Nxe4 17. Bxe4 fxe4 18. Qxe4 Rad8 19. Rae1 Qd6 20. Rxf8+ Rxf8 21. Nxd7 Qxd7 22. Qxe6+ Qxe6 23. Rxe6 Rd8 24. Re4 Kf7 25. Kf2 g5 26. Ke3 h5 27. Re5 Kf6 28. Ke4 b6 29. d5 cxd5+ 30. cxd5 h4 31. Re6+ Kf7 32. gxh4 gxh4 33. Rh6 Re8+ 34. Kf5 Re2 35. Rh7+ Ke8 36. Rxh4 Rxa2 37. Ke6 Re2+ 38. Kd6 Rc2 39. Rh8+ Kf7 40. h4 Rc3 41. Rh7+ Ke8 42. h5 a5 43. h6 Rxb3 44. Ra7 Kf8 45. Ra8+ 1-0

[Event "Berlin Lichtenberger op 8th"]
[Site "Berlin"]
[Date "2009.08.23"]
[Round "9"]
[White "Bauer, Stefan"]
[Black "Kapp, Frank"]
[Result "0-1"]
[WhiteElo "1773"]
[BlackElo "1824"]
[PlyCount "104"]
[EventDate "2009.08.15"]
[EventType "swiss"]
[EventRounds "9"]
[EventCountry "GER"]
[SourceTitle "CBM 131 Extra"]
[Source "ChessBase"]
[SourceDate "2009.09.03"]
[SourceVersion "2"]
[SourceVersionDate "2009.09.16"]
[SourceQuality "1"]

1. Nf3 d5 2. d4 Nf6 3. Bf4 e6 4. h3 c5 5. c3 Bd6 6. Bg5 Nbd7 7. e3 Qb6 8. Qb3 h6 9. Qxb6 axb6 10. Bh4 g5 11. Bg3 Bxg3 12. fxg3 Ne4 13. g4 c4 14. Nbd2 Ndf6 15. Rg1 Ng3 16. a3 Bd7 17. 0-0-0 Bc6 18. Re1 0-0 19. Ne5 Nfe4 20. Nxe4 Nxe4 21. Re2 f6 22. Nf3 Rae8 23. g3 e5 24. Rh2 Bd7 25. Nd2 Nd6 26. Bg2 Bc6 27. h4 exd4 28. hxg5 dxc3 29. bxc3 hxg5 30. Rgh1 Kf7 31. Rh7+ Ke6 32. Nf3 Rf7 33. R7h6 Kd7 34. Re1 Ne4 35. Kb2 Nxg3 36. Nd4 Ne4 37. Rf1 Nc5 38. Rf3 Nd3+ 39. Ka1 Ne1 40. Rfxf6 Rxf6 41. Rxf6 Nxg2 42. Nf5 Nxe3 43. Rd6+ Kc7 44. Rg6 Nxg4 45. Rxg5 Re5 46. Rg7+ Kb8 47. Rg8+ Ka7 48. Nd6 Nf6 49. Nc8+ Kb8 50. Rh8 Re8 51. Rh6 Ne4 52. Nd6 Rf8 0-1

[Event "Berlin Lichtenberger op 8th"]
[Site "Berlin"]
[Date "2009.08.21"]
[Round "7"]
[White "Theilig, Reinhard"]
[Black "Kapp, Frank"]
[Result "0-1"]
[WhiteElo "1559"]
[BlackElo "1824"]
[PlyCount "58"]
[EventDate "2009.08.15"]
[EventType "swiss"]
[EventRounds "9"]
[EventCountry "GER"]
[SourceTitle "CBM 131 Extra"]
[Source "ChessBase"]
[SourceDate "2009.09.03"]
[SourceVersion "2"]
[SourceVersionDate "2009.09.16"]
[SourceQuality "1"]

1. Nf3 e6 2. c4 f5 3. g3 Nf6 4. Bg2 Be7 5. 0-0 0-0 6. d3 d5 7. b3 c6 8. Bb2 Ng4 9. h3 Nh6 10. e3 Bf6 11. d4 Nd7 12. Nc3 Nb6 13. c5 Nd7 14. Ne2 Nxc5 15. Rc1 Ne4 16. Nf4 Be7 17. Ne5 Nf6 18. Ned3 g5 19. Nh5 Qe8 20. Nxf6+ Rxf6 21. Bf3 Bd6 22. Kg2 Qe7 23. g4 Bd7 24. Rh1 Raf8 25. h4 fxg4 26. Be2 gxh4 27. Bxg4 Nxg4 28. Qxg4+ Rg6 29. Qxg6+ hxg6 0-1

[Event "Leutersdorf Sparkasse op 13th"]
[Site "Leutersdorf"]
[Date "2009.02.13"]
[Round "2"]
[White "Kapp, Frank"]
[Black "Franke, Uwe"]
[Result "1/2-1/2"]
[WhiteElo "1819"]
[BlackElo "2031"]
[PlyCount "65"]
[EventDate "2009.02.13"]
[EventType "swiss"]
[EventRounds "7"]
[EventCountry "GER"]
[SourceTitle "CBM 128 Extra"]
[Source "ChessBase"]
[SourceDate "2009.03.05"]
[SourceVersion "2"]
[SourceVersionDate "2009.03.25"]
[SourceQuality "1"]

1. d4 e6 2. c4 d6 3. Nc3 Nd7 4. g3 g6 5. Bg2 Bg7 6. e3 Ne7 7. Qb3 c6 8. Nge2 d5 9. c5 0-0 10. 0-0 e5 11. Qd1 e4 12. f3 f5 13. f4 Nf6 14. Bd2 Kf7 15. Qe1 Be6 16. Nd1 h5 17. h4 Neg8 18. Nf2 Nh6 19. Nh3 Nh7 20. Ng5+ Nxg5 21. fxg5 Ng4 22. Nf4 Re8 23. Bh3 Qe7 24. Bxg4 hxg4 25. Bc3 Bf8 26. Qe2 Kg7 27. b4 a6 28. a4 Bd7 29. b5 Qf7 30. bxa6 Rxa6 31. Rfb1 Ra7 32. Qb2 Rea8 33. a5 1/2-1/2

[Event "Berlin Lichtenberger op 7th"]
[Site "Berlin"]
[Date "2008.08.20"]
[Round "5"]
[White "Paul, Reinhart"]
[Black "Kapp, Frank"]
[Result "1/2-1/2"]
[WhiteElo "2155"]
[BlackElo "1748"]
[PlyCount "55"]
[EventDate "2008.08.16"]
[EventType "swiss"]
[EventRounds "9"]
[EventCountry "GER"]
[SourceTitle "CBM 126 Extra"]
[Source "ChessBase"]
[SourceDate "2008.11.05"]
[SourceVersion "1"]
[SourceVersionDate "2008.11.05"]
[SourceQuality "1"]

1. e4 e6 2. d4 d5 3. Nc3 Bb4 4. e5 c5 5. a3 cxd4 6. axb4 dxc3 7. Qg4 Ne7 8. bxc3 Qc7 9. Bd2 Qxe5+ 10. Be2 Qf5 11. Qxf5 Nxf5 12. Bf4 Nd7 13. g4 e5 14. Bd2 Nd6 15. Be3 b6 16. Nf3 Bb7 17. 0-0 0-0 18. Rfd1 Rfc8 19. Ba6 Bxa6 20. Rxa6 Nc4 21. g5 Nxe3 22. fxe3 e4 23. Nh4 Rxc3 24. Rxd5 Nf8 25. Nf5 Ne6 26. Rd7 Rc7 27. Rxc7 Nxc7 28. Ra4 1/2-1/2